00405nam a2200121Ia 4500008004100000050002100041245008300062260004000145300001700185650003200202980003200234999001700266151021s9999 xx 000 0 und d aHC 865.K47 2013  a_Kiambu County Development Profile/ Kenya Ministry of Devolution and Planning  aNairobi: Government printers, 2013  axviii,158p.  a_County Vision and Mission  a^d20140317 11:37:17^omwanik c14772d14772